LIBRARY & INFORMATION CENTRE, KCAET, TAVANUR

ONLINE PUBLIC ACCESS CATALOGUE (OPAC)

Irrigation Theory and Practice / (Record no. 2861)

MARC details
000 -LEADER
fixed length control field 00581cam a2200241ua 4500
041 ## - LANGUAGE CODE
Language code of text/sound track or separate title eng
082 ## - DEWEY DECIMAL CLASSIFICATION NUMBER
Classification number 631.587
Item number MIC/IR
100 ## - MAIN ENTRY--AUTHOR NAME
Personal name Michael, A.M.
245 ## - TITLE STATEMENT
Title Irrigation Theory and Practice /
250 ## - EDITION STATEMENT
Edition statement 1 /
260 ## - PUBLICATION, DISTRIBUTION, ETC. (IMPRINT)
Place of publication New Delhi :
Name of publisher Vani Educational Books ,
Year of publication 1985.
300 ## - PHYSICAL DESCRIPTION
Number of Pages 801 ; .
942 ## - ADDED ENTRY ELEMENTS (KOHA)
Koha item type Books
Holdings
Withdrawn status Lost status Damaged status Home library Current library Date acquired Full call number Accession Number Koha item type Collection code Shelving location
      KAUAET KAUAET 26/03/1986 631.587 15204 Books    
      KAUAET KAUAET 26/03/1986 631.587 15212 Books    
      KAUAET KAUAET 07/04/2012 631.587 18158 Books    
      KAUAET KAUAET 07/04/2012 631.587 18156 Books    
      KAUAET KAUAET 07/04/2012 631.587 17928 Books    
      KAUAET KAUAET 07/04/2012 631.587 18157 Books    
      KAUAET KAUAET 21/02/2000 631.587 MIC/IR 22256 Books Non-fiction General Stacks
free website counter